Central Library OPAC University of Rajshahi

Indian local self-government policy, 1915 : (Record no. 52050)

MARC details
000 -LEADER
fixed length control field 00945nam a2200265 a 4500
001 - CONTROL NUMBER
control field 52050
003 - CONTROL NUMBER IDENTIFIER
rucl marc code BD-RjUL
005 - DATE AND TIME OF LATEST TRANSACTION
control field 20211209075740.0
008 - FIXED-LENGTH DATA ELEMENTS--GENERAL INFORMATION
fixed length control field 160905s1915 ii 001 0 eng
035 ## - SYSTEM CONTROL NUMBER
System control number (BD-RjUL)52170
040 ## - CATALOGING SOURCE
Original cataloging agency DLC
Transcribing agency DLC
Modifying agency DLC
-- BD-RjUL
Language of cataloging eng
041 ## - LANGUAGE CODE
Language code of text/sound track or separate title eng
082 00 - DEWEY DECIMAL CLASSIFICATION NUMBER
Classification number 342.5409
Edition number 23
Author mark and year INI 1915
090 ## - LOCALLY ASSIGNED LC-TYPE CALL NUMBER (OCLC); LOCAL CALL NUMBER (OCLC)
Classification number (OCLC) (R) ; Classification number, CALL (RLIN) (NR) LCo
110 1# - MAIN ENTRY--CORPORATE NAME
Corporate name or jurisdiction name as entry element India.
Subordinate unit Governor-General (1910-1916 : Hardinge)
9 (RLIN) 155665
245 10 - TITLE STATEMENT
Title Indian local self-government policy, 1915 :
Remainder of title being a resolution issued by the Governor General in Council on the 28th April, 1915. /
260 ## - PUBLICATION, DISTRIBUTION, ETC. (IMPRINT)
Place of publication, distribution, etc. Calcutta :
Name of publisher, distributor, etc. Supt. Govt. Print.,
Date of publication, distribution, etc. 1915.
300 ## - PHYSICAL DESCRIPTION
Pagination ii, 42, iii p. ;
Size 22 cm.
500 ## - GENERAL NOTE
General note Includes index.
650 #0 - SUBJECT ADDED ENTRY--TOPICAL TERM
Topical term or geographic name as entry element Local government
General subdivision Law and legislation
Geographic subdivision India.
9 (RLIN) 155666
Topical term or geographic name as entry element Local taxation
General subdivision Law and legislation
Geographic subdivision India.
9 (RLIN) 155667
700 1# - ADDED ENTRY--PERSONAL NAME
Personal name Hardinge of Penshurst, Charles Hardinge,
Dates associated with a name 1858-1944.
942 ## - ADDED ENTRY ELEMENTS (KOHA)
Source of classification or shelving scheme Dewey Decimal Classification
Koha item type Books
Holdings
Lost status Source of classification or shelving scheme Damaged status Not for loan Collection code Permanent Location Current Location Shelving location Date acquired Source of acquisition Total Checkouts Full call number Date last seen Copy number Koha item type Cost, normal purchase price
  Dewey Decimal Classification     Non-fiction Central Library, University of Rajshahi Central Library, University of Rajshahi   14/01/1987 Photocopy, RUCL   342.5409 INI 1915 05/09/2016 C-2 Books  
  Dewey Decimal Classification     Non-fiction Central Library, University of Rajshahi Central Library, University of Rajshahi   14/01/1987 N/A   342.5409 INI 1915 24/10/2016 C-3 Books 0.00